[Event "Zuerich Christmas op 44th"]
[Site "Tornelo INT"]
[Date "2020.12.28"]
[Round "4"]
[White "Mohr, Bernhard"]
[Black "Enderli, Roland"]
[Result "1-0"]
[WhiteElo "1749"]
[BlackElo "1605"]
[PlyCount "99"]
[EventDate "2020.12.26"]
[EventType "swiss"]
[EventRounds "7"]
[EventCountry "SUI"]
[SourceTitle "CBM 200 Extra"]
[Source "ChessBase"]
[SourceDate "2021.03.31"]
[SourceVersion "1"]
[SourceVersionDate "2021.03.31"]
[SourceQuality "1"]

1. c4 c5 2. Nc3 Nc6 3. g3 e6 4. Bg2 Nf6 5. e4 Be7 6. Nge2 0-0 7. 0-0 d6 8. h3 a6 9. d3 Rb8 10. d4 cxd4 11. Nxd4 Nxd4 12. Qxd4 e5 13. Qd3 h6 14. Be3 Bd7 15. Rad1 b5 16. cxb5 axb5 17. a3 b4 18. axb4 Rxb4 19. Qd2 Qb8 20. Rb1 Bc6 21. Nd5 Bxd5 22. exd5 Rc8 23. Rfe1 Bf8 24. Rec1 Rcc4 25. Rxc4 Rxc4 26. Rc1 Rxc1+ 27. Qxc1 Qb3 28. Qd2 Be7 29. Qc3 Qd1+ 30. Kh2 Nxd5 31. Qc8+ Bf8 32. Bxd5 Qxd5 33. Qg4 g6 34. Qc8 Qf3 35. b4 Kg7 36. b5 Be7 37. Qd7 Bg5 38. Qxd6 Bxe3 39. Qxe5+ Kf8 40. Qxe3 Qxe3 41. fxe3 Ke7 42. g4 Kd6 43. Kg3 Kc5 44. Kf4 Kxb5 45. Ke5 Kc5 46. Kf6 h5 47. g5 Kd5 48. Kxf7 Ke4 49. Kxg6 Kxe3 50. Kxh5 1-0

[Event "Burgdorf op 19th"]
[Site "Burgdorf"]
[Date "2020.02.14"]
[Round "1"]
[White "Botta, Gabriele"]
[Black "Mohr, Bernhard"]
[Result "1-0"]
[WhiteElo "2343"]
[BlackElo "1741"]
[PlyCount "91"]
[EventDate "2020.02.14"]
[EventType "swiss"]
[EventRounds "5"]
[EventCountry "SUI"]
[SourceTitle "CBM 194 Extra"]
[Source "ChessBase"]
[SourceDate "2020.03.31"]
[SourceVersion "1"]
[SourceVersionDate "2020.03.31"]
[SourceQuality "1"]

1. e4 c5 2. Nf3 d6 3. c3 Nf6 4. h3 Nc6 5. Bd3 g6 6. 0-0 Bg7 7. Bc2 0-0 8. d4 b6 9. Re1 Nd7 10. Bg5 h6 11. Be3 Kh7 12. Nbd2 Ba6 13. Nf1 e5 14. Qd2 Nf6 15. Ng3 Qc7 16. Rac1 Rad8 17. d5 Na5 18. b3 b5 19. Nh2 Bc8 20. f4 Nb7 21. fxe5 dxe5 22. Rf1 Rd6 23. Rf3 a6 24. Qf2 c4 25. b4 Ng8 26. a4 Rf6 27. axb5 Rxf3 28. Nxf3 axb5 29. Ra1 Rd8 30. Bb6 Qd7 31. Bxd8 Qxd8 32. Qa7 h5 33. Kh2 Nh6 34. Qe3 Nd6 35. Kg1 f6 36. Ra7 Nhf7 37. Qc5 Bf8 38. Qc6 Kg8 39. Nf1 Bh6 40. Kh1 Qf8 41. Qc7 Qd8 42. Qxd8+ Nxd8 43. Nh4 g5 44. Nf5 N8f7 45. Rxf7 Nxf7 46. Ne7+ 1-0